Statistics for Naruto knowledge quiz

Click here to take the quiz!

General Stats

  • This quiz has been taken 192 times
  • The average score is 9 of 10

Answer Stats

QuestionAnswer% Correct
what is the hidden leaf's nameKonohagakure
98%
what is Naruto's signature jutsu?Rasengan
98%
which one of these names are not Naruto characters ?Shacho
98%
what is Sakura's name in Japanesecherry blossoms
94%
which of these jutsu did sakura learn?strength of one hundred seal
93%
what is sasuke's favorite weapon?katana
92%
what is the clan name of the sage of six pathsOtsutsuki
91%
what is kamui in Narutoa mankeygo sharingan technique
79%
what is the three mangekyou sharingan abilities Itachi wields ?Amaterasu Tsukuyomi Susanoo
74%
what is Kakashi Hatake's dogs called?Pakkun bull urushi Shiba bisuke Akino Uhei Guruko
64%

Score Distribution

Percentile by Number Answered

Percent of People with Each Score

Your Score History

You have not taken this quiz